00326nam a2200121Ia 4500008004100000041000800041082001500049100001600064245004500080260003800125300003000163365001100193240624s9999 xx 000 0 und d aeng a302.35 JEX aJEX STEVE M aORGANIZATIONAL PSYCHOLOGY A SCIENTIST PR c2006aNew YorkbJohn Wiley & Sons axi, : 540 : p. : cm. ; 24 cRSb32